LIBRARY & INFORMATION CENTRE, KCAET, TAVANUR

ONLINE PUBLIC ACCESS CATALOGUE (OPAC)

Text book of analytical geometry of three dimensions / (Record no. 2992)

MARC details
000 -LEADER
fixed length control field 00502cam a2200193ua 4500
020 ## - INTERNATIONAL STANDARD BOOK NUMBER
ISBN 81- 224- 0300- X
041 ## - LANGUAGE CODE
Language code of text/sound track or separate title eng
082 ## - DEWEY DECIMAL CLASSIFICATION NUMBER
Classification number 516.3
Item number JAI/TE
100 ## - MAIN ENTRY--AUTHOR NAME
Personal name Jain, P.K. .
245 ## - TITLE STATEMENT
Title Text book of analytical geometry of three dimensions /
250 ## - EDITION STATEMENT
Edition statement 2 /
260 ## - PUBLICATION, DISTRIBUTION, ETC. (IMPRINT)
Place of publication New Delhi :
Name of publisher Wiley Eastern Ltd ,
Year of publication 1991.
300 ## - PHYSICAL DESCRIPTION
Number of Pages 284 ; .
942 ## - ADDED ENTRY ELEMENTS (KOHA)
Koha item type Books
Holdings
Withdrawn status Lost status Damaged status Home library Current library Date acquired Full call number Accession Number Koha item type
      KAUAET KAUAET 07/04/2012 516.3 19978 Books
      KAUAET KAUAET 07/04/2012 516.3 20404 Books
free website counter